Fundamentos de diseño estructural : acero, concreto y madera /

محفوظ في:
التفاصيل البيبلوغرافية
المؤلف الرئيسي: Hill, Louis A. (autor)
التنسيق: كتاب
اللغة:الإسبانية
منشور في: México : Representaciones y Servicios de Ingeniería, 1978
الموضوعات:
الوسوم: إضافة وسم
لا توجد وسوم, كن أول من يضع وسما على هذه التسجيلة!

MARC

LEADER 00000nam^a2200000^a^4500
001 000006058
005 20250521000000.0
009 20260310083410.688
037 |a Acervo ITESO - Biblioteca 
041 |a ESP 
082 |a 624. 1771  |b HIL 
100 |a Hill, Louis A.  |e (autor) 
245 1 0 |a Fundamentos de diseño estructural :  |b acero, concreto y madera /  |c L.A. Hill. 
264 1 |a México :  |b Representaciones y Servicios de Ingeniería,  |c 1978 
300 |a 535 p. 
336 |a texto  |b txt  |2 rdacontenido 
337 |a sin mediación  |b n  |2 rdamedio 
338 |a volumen  |b nc  |2 rdasoporte 
500 |a Traducción de: Fundamentals of Structural Design 
649 |a XX 
650 |a Estructuras 
650 |a Ingeniería Civil 
910 |a Fondo General 
920 |a Impresos - Libros 
930 |a Colección General 
905 |a 101 
901 |a 0500000013  |b IT1  |c ACC  |i 006058  |u 20250521 
902 |a https://opac.biblio.iteso.mx/vufind/Record/000006058